Southville International School and Colleges
Your cart is empty.
  • Cart
  • Lists
    Public lists Eva Luna New books Lux_list list_1
    Your lists Log in to create your own lists
  • Log in to your account
  • Your cookies
  • Search history
Southville International School and Colleges
  • Advanced search
  • Recent comments
  • Most popular
  • Libraries

Log in to your account

Log in with GOOGLE


If you do not have an external account, but do have a local account, you can still log in:

  1. Home
  2. MARC view: New interchange (intro student's book) :
Normal view MARC view ISBD view

New interchange (intro student's book) : (Record no. 6918)

[ view plain ]
MARC details
000 -LEADER
fixed length control field 00834nam a22002297a 4500
003 - CONTROL NUMBER IDENTIFIER
control field OSt
005 - DATE AND TIME OF LATEST TRANSACTION
control field 20140310181919.0
008 - FIXED-LENGTH DATA ELEMENTS--GENERAL INFORMATION
fixed length control field 130718t xxu||||| |||| 00| 0 eng d
020 ## - INTERNATIONAL STANDARD BOOK NUMBER
International Standard Book Number 9780521773997
050 ## - LIBRARY OF CONGRESS CALL NUMBER
Classification number PE 1128
Item number .R4588 2000
082 ## - DEWEY DECIMAL CLASSIFICATION NUMBER
Classification number TR 428.24
Item number R39 2000
100 ## - MAIN ENTRY--PERSONAL NAME
Personal name Richards, Jack C.
9 (RLIN) 1426
245 ## - TITLE STATEMENT
Title New interchange (intro student's book) :
Remainder of title English for international communication /
Statement of responsibility, etc Jack C. Richards, with Jonathan Hull and Susan Proctor.
260 ## - PUBLICATION, DISTRIBUTION, ETC. (IMPRINT)
Place of publication, distribution, etc UK :
Name of publisher, distributor, etc Press Syndicate of the University of Cambridge,
Date of publication, distribution, etc c2000.
300 ## - PHYSICAL DESCRIPTION
Extent 105 p. :
Other physical details ill. col. ;
Dimensions 28 cm.
521 ## - TARGET AUDIENCE NOTE
Target audience note
541 ## - IMMEDIATE SOURCE OF ACQUISITION NOTE
-- 1
562 ## - COPY AND VERSION IDENTIFICATION NOTE
Number of copies 1
650 ## - SUBJECT ADDED ENTRY--TOPICAL TERM
Topical term or geographic name as entry element English language
General subdivision textbooks for foreign speakers.
9 (RLIN) 1454
650 ## - SUBJECT ADDED ENTRY--TOPICAL TERM
Topical term or geographic name as entry element Communication, International
General subdivision problems, exercises, etc.
9 (RLIN) 1455
942 ## - ADDED ENTRY ELEMENTS (KOHA)
Source of classification or shelving scheme Library of Congress Classification
Koha item type
Call number prefix
Holdings
Withdrawn status Lost status Source of classification or shelving scheme Damaged status Home library Current library Shelving location Date acquired Total Checkouts Total Renewals Full call number Barcode Date last seen Date checked out Copy number Price effective from Koha item type
    Library of Congress Classification   Luxembourg Library Luxembourg Library Teachers Reference Section 07/18/2013 1 1 PE 1128 .R4588 2000 12537 11/25/2016 11/22/2016 1 07/18/2013 Books

New interchange (intro student's book) :

APA

Richards J. C., . (2000). New interchange (intro student's book). UK: Press Syndicate of the University of Cambridge.

Chicago

Richards Jack C, . 2000. New interchange (intro student's book). UK: Press Syndicate of the University of Cambridge.

Harvard

Richards J. C., . (2000). New interchange (intro student's book). UK: Press Syndicate of the University of Cambridge.

MLA

Richards Jack C, . New interchange (intro student's book). UK: Press Syndicate of the University of Cambridge. 2000.

  • Place hold
  • Print
  • Cite
  • Add to your cart (remove)
  • Save record
    BIBTEX Dublin Core MARCXML MARC (non-Unicode/MARC-8) MARC (Unicode/UTF-8) MARC (Unicode/UTF-8, Standard) MODS (XML) RIS
  • More searches
    Search for this title in:
    Other Libraries (WorldCat) Other Databases (Google Scholar) Online Stores (Bookfinder.com) Open Library (openlibrary.org)

Exporting to Dublin Core...

SOUTHVILLE LIBRARY

Southville International School and Colleges Library

1281 Tropical Ave. Cor. Luxembourg St., BF Homes International, Las Pinas City

Tel. No. 8256374 / 252358 Loc. 117/146

Powered by Koha